00658nam a2200217Ia 4500003000500000008004100005020002200046040001900068082000700087100001900094100001800113245004100131246004100172260003300213300001000246365000800256546001200264942001900276999001700295952012800312STCL230726s9999 xx 000 0 und d a9780670096114qHB aSTCLcSTCLbEN 222 aMasroor, Hajra aNaqvi, Tahira 4aThe monkey's wound and other stories aThe monkeys wounds and other stories bPenguin BooksaHaryanac2022 a296 p b599 aEnglish 2DDCe22cBKDDC c89371d89371 00102DDC4070aSTCALbSTCALcGENd2023-07-26l5m1o823.912 MAS-Mp98385r2025-12-18 11:58:26s2025-11-10w2023-07-26yBK